| 000 | 00324nam a2200121 4500 | ||
|---|---|---|---|
| 999 |
_c197552 _d197552 |
||
| 007 | dpl | ||
| 008 | 230824b ||||| |||| 00| 0 eng d | ||
| 022 | _a2277-9760 | ||
| 245 | _aAgrarian South:journal of political economy | ||
| 260 |
_aNew Delhi _bSage _c2023 |
||
| 300 |
_avol.12,no.01 _billus _c20cm |
||
| 942 |
_2ddc _cSR _mAGR _s1 |
||